Equipos campeones de la Copa Libertadores - Estadísticas

Estadísticas generales
  • Esta prueba ha sido intentada 313 veces
  • La puntuación promedio es 18 de 25
Estadísticas de respuestas
Veces Campeón Respuesta % Correcto
6 Boca Juniors
99%
3 River Plate
99%
7 Independiente de Avellaneda
93%
3 Nacional de Montevideo
90%
5 Peñarol
89%
1 Flamengo
86%
1 Racing de Avellaneda
81%
1 Colo Colo
80%
4 Estudiantes de La Plata
80%
3 Santos
78%
1 San Lorenzo de Almagro
75%
2 Gremio
74%
1 Palmeiras
74%
2 Atlético Nacional de Medellín
71%
3 Olimpia
71%
3 Sao Paulo
68%
1 Vélez Sarsfield
67%
2 Internacional de Porto Alegre
63%
1 Corinthians
61%
1 Argentinos Juniors
58%
2 Cruzeiro
58%
1 Once Caldas
56%
1 Atlético Mineiro
51%
1 Vasco da Gama
43%
1 Liga Deportiva Universitaria de Quito
35%
No se encontraron pruebas coincidentes
Distribución de puntuación
Porcentaje de gente con cada puntuación
Porcentaje por número respondido
Historial de tus puntuaciones
No has intentado esta prueba.